000
00301nam a2200121Ia 4500
008
191201s2015 xx 000 0 und d
100
_a
VIESSMAN, Warren
245
0
_a
Water Supply and Pollution Control
260
_a
N. Delhi
_b
Pearson
_c
2015
300
_a
741
650
_a
B.Tech(CE)
942
_2
ddc
_c
BK
999
_c
6511
_d
6511